| 000 | 00486nam a2200169Ia 4500 | ||
|---|---|---|---|
| 008 | 220216s9999 xx 000 0 und d | ||
| 100 | _aVarghese L | ||
| 245 | 0 | _aEffect of storage on properties of marketable forms of natural rubber: Influence of humidity and temperature | |
| 260 |
_bRubber South News _c2007 |
||
| 300 | _a10-Jul | ||
| 650 | _aNR | ||
| 650 | _aStorage property | ||
| 700 | _aGeethakumari Amma M L | ||
| 700 | _aMathew N M | ||
| 700 | _aThomas K T | ||
| 942 | _cBS | ||
| 999 |
_c51813 _d51813 |
||